[Event "Hlohovec War Veterans op"]
[Site "Hlohovec"]
[Date "????.??.??"]
[Round "6"]
[White "Dostal, Jiri"]
[Black "Zlamal, Radek"]
[Result "0-1"]
[WhiteElo "1821"]
[BlackElo "1978"]
[PlyCount "126"]
[EventDate "2024.08.03"]
[EventType "swiss"]
[EventRounds "7"]
[EventCountry "CZE"]
[SourceTitle "EXT 2025"]
[Source "ChessBase"]
[SourceDate "2024.10.14"]
[SourceVersion "1"]
[SourceVersionDate "2024.10.14"]
[SourceQuality "1"]

1. e4 e5 2. Nc3 Nc6 3. Bc4 Bc5 4. Qg4 g6 5. Qf3 Qf6 6. Nd5 Qxf3 7. Nxf3 Bd6 8. d3 Nd4 9. Nxd4 exd4 10. f4 c6 11. e5 cxd5 12. exd6 dxc4 13. dxc4 b6 14. 0-0 f5 15. Re1+ Kf7 16. Bd2 Nf6 17. c3 Ne4 18. Rad1 Nxd6 19. b3 Ne4 20. cxd4 Nxd2 21. Rxd2 Re8 22. Rxe8 Kxe8 23. d5 d6 24. Kf2 Bd7 25. Ke3 Kf7 26. Kd4 Kf6 27. b4 Re8 28. g3 Re4+ 29. Kd3 b5 30. c5 Rxb4 31. c6 Bc8 32. Rc2 Ra4 33. c7 Ke7 34. Rb2 a6 35. Rc2 Kd7 36. Ke3 Rc4 37. Rd2 Kxc7 38. h3 Bb7 39. g4 Re4+ 40. Kf3 Kb6 41. gxf5 gxf5 42. Kg3 Kc5 43. Rc2+ Kxd5 44. Rc7 Bc6 45. Rxh7 Re3+ 46. Kh4 Ke4 47. Kg5 Rg3+ 48. Kf6 Kxf4 49. Rh4+ Ke3 50. Kxf5 Bd7+ 51. Kf6 Rxh3 52. Rb4 d5 53. Ke5 Rh5+ 54. Kd6 Bh3 55. Rb3+ Kd4 56. Ra3 Kc4 57. Kc6 d4 58. Kb6 Rh6+ 59. Ka5 d3 60. Rb3 d2 61. Rb4+ Kc3 62. Rb3+ Kc2 63. a4 d1Q 0-1

[Event "Hlohovec War Veterans op"]
[Site "Hlohovec"]
[Date "????.??.??"]
[Round "2"]
[White "Kasparek, Ondrej"]
[Black "Zlamal, Radek"]
[Result "0-1"]
[WhiteElo "1851"]
[BlackElo "1978"]
[PlyCount "88"]
[EventDate "2024.08.03"]
[EventType "swiss"]
[EventRounds "7"]
[EventCountry "CZE"]
[SourceTitle "EXT 2025"]
[Source "ChessBase"]
[SourceDate "2024.10.14"]
[SourceVersion "1"]
[SourceVersionDate "2024.10.14"]
[SourceQuality "1"]

1. e4 e5 2. Nf3 Nc6 3. Bc4 h6 4. d4 exd4 5. 0-0 d6 6. Re1 Bg4 7. h3 Bxf3 8. Qxf3 Qf6 9. Qe2 g5 10. c3 Bg7 11. e5 dxe5 12. cxd4 Nxd4 13. Qe4 c6 14. Qxd4 Ne7 15. Qe3 0-0 16. Nc3 b5 17. Ne4 Qf4 18. Qxf4 gxf4 19. Bb3 Nf5 20. Bd2 a5 21. a3 Nd4 22. Bd1 f5 23. Nc3 b4 24. Ne2 Nxe2+ 25. Bxe2 e4 26. axb4 axb4 27. Bxb4 Rxa1 28. Rxa1 Rb8 29. Bc3 c5 30. Bc4+ Kf8 31. Bxg7+ Kxg7 32. Ra7+ Kf6 33. b3 e3 34. Rf7+ Ke5 35. Re7+ Kd4 36. fxe3+ fxe3 37. Kf1 Ra8 38. Ke2 Ra2+ 39. Kf3 Rf2+ 40. Kg3 f4+ 41. Kg4 h5+ 42. Kf5 f3 43. Re4+ Kc3 44. gxf3 Rxf3+ 0-1